[Event "Sharjah Cup (Women) 12th"]
[Site "Sharjah"]
[Date "2022.12.14"]
[Round "7"]
[White "February, Jesse Nikki"]
[Black "Badrakova, Kseniya"]
[Result "1-0"]
[WhiteElo "1853"]
[BlackElo "1448"]
[PlyCount "85"]
[EventDate "2022.12.09"]
[EventType "swiss"]
[EventRounds "9"]
[EventCountry "UAE"]
[SourceTitle "CBM 211 Extra"]
[Source "ChessBase"]
[SourceDate "2023.01.31"]
[SourceVersion "1"]
[SourceVersionDate "2023.01.31"]
[SourceQuality "1"]

1. e4 c5 2. Nf3 d6 3. d4 cxd4 4. Nxd4 Nf6 5. Bd3 a6 6. c4 e5 7. Nb3 Be7 8. Nc3 Nbd7 9. 0-0 0-0 10. Be3 Nc5 11. Nxc5 dxc5 12. f3 Be6 13. Qe2 Qc7 14. Rfd1 Rfd8 15. Rac1 Rac8 16. b3 h6 17. Qf2 Bd6 18. Bb1 Qe7 19. Nd5 Bxd5 20. exd5 e4 21. Re1 Qc7 22. g3 exf3 23. Qxf3 Be5 24. Rcd1 Qd6 25. Kg2 b5 26. b4 Bd4 27. Bf5 Ra8 28. Bf4 Qb6 29. Rxd4 cxd4 30. c5 Qa7 31. d6 Re8 32. Rxe8+ Rxe8 33. c6 d3 34. d7 Nxd7 35. cxd7 Rd8 36. Qxd3 a5 37. Qe4 Qa8 38. Qxa8 Rxa8 39. Bc7 axb4 40. d8Q+ Rxd8 41. Bxd8 Kf8 42. Bd3 Ke8 43. Ba5 1-0

[Event "Sharjah Cup (Women) 12th"]
[Site "Sharjah"]
[Date "2022.12.10"]
[Round "2"]
[White "Badrakova, Kseniya"]
[Black "Jawaher, Khalil"]
[Result "1-0"]
[WhiteElo "1448"]
[BlackElo "1088"]
[PlyCount "85"]
[EventDate "2022.12.09"]
[EventType "swiss"]
[EventRounds "9"]
[EventCountry "UAE"]
[SourceTitle "CBM 211 Extra"]
[Source "ChessBase"]
[SourceDate "2023.01.31"]
[SourceVersion "1"]
[SourceVersionDate "2023.01.31"]
[SourceQuality "1"]

1. e4 e6 2. d4 d5 3. Nd2 c5 4. Ngf3 a6 5. Be2 Nc6 6. c3 Qb6 7. exd5 exd5 8. dxc5 Bxc5 9. 0-0 Nf6 10. Nb3 h6 11. Nxc5 Qxc5 12. Be3 Qd6 13. Nd4 0-0 14. Qc2 Ne7 15. Rad1 Bg4 16. h3 Bxe2 17. Qxe2 b5 18. Rfe1 Rfe8 19. Qf3 Ne4 20. Nf5 Nxf5 21. Qxf5 Nf6 22. Bd4 Rad8 23. Bxf6 Rxe1+ 24. Rxe1 Qxf6 25. Qxf6 gxf6 26. f4 Kf8 27. Kf2 Re8 28. Rxe8+ Kxe8 29. Ke3 Kd7 30. Kd4 Kd6 31. g4 a5 32. b4 a4 33. a3 Kc6 34. h4 Kd6 35. h5 Kc6 36. g5 fxg5 37. fxg5 hxg5 38. h6 g4 39. h7 g3 40. h8Q f5 41. Qh6+ Kd7 42. Qg7+ Ke6 43. Qxg3 1-0

[Event "World Amateur-ch U1700 (Women)"]
[Site "Cagliari"]
[Date "2018.04.28"]
[Round "8"]
[White "Khaliun, Batnasan"]
[Black "Badrakova, Kseniya"]
[Result "1-0"]
[WhiteElo "1415"]
[BlackElo "1411"]
[PlyCount "111"]
[EventDate "2018.04.22"]
[EventType "swiss"]
[EventRounds "9"]
[EventCountry "ITA"]
[SourceTitle "CBM 184 Extra"]
[Source "ChessBase"]
[SourceDate "2018.06.28"]
[SourceVersion "1"]
[SourceVersionDate "2018.06.28"]
[SourceQuality "1"]

1. d4 d5 2. c4 Bf5 3. Qb3 Nc6 4. Nf3 e6 5. Bd2 Rb8 6. e3 Nf6 7. Be2 Be7 8. Nc3 0-0 9. cxd5 exd5 10. 0-0 a6 11. Rac1 Qd6 12. Na4 Ne4 13. Nc5 Nxc5 14. dxc5 Qe6 15. Bd3 Bxd3 16. Qxd3 Qe4 17. Qc2 Rfe8 18. Rfd1 Qxc2 19. Rxc2 Bf6 20. Bc3 Bxc3 21. Rxc3 Rbd8 22. Rcd3 Ne7 23. Rb3 Rb8 24. Rd4 b6 25. cxb6 cxb6 26. Rdd3 Rec8 27. Rbc3 Rxc3 28. Rxc3 Rc8 29. Rxc8+ Nxc8 30. Kf1 f6 31. Ke2 Kf7 32. Kd3 Nd6 33. Nd2 Ke6 34. b3 g6 35. f3 f5 36. Nb1 Nb5 37. Nc3 Nxc3 38. Kxc3 Ke5 39. Kd3 Ke6 40. Kd4 Kd6 41. b4 Ke6 42. g4 h6 43. a4 Kd6 44. gxf5 gxf5 45. f4 Ke6 46. a5 bxa5 47. bxa5 Kd6 48. h3 h5 49. h4 Kc6 50. Ke5 Kb5 51. Kxf5 Kxa5 52. Ke6 Kb5 53. f5 a5 54. f6 a4 55. f7 a3 56. f8Q 1-0

[Event "Moscow op-B (Women) 13th"]
[Site "Moscow"]
[Date "2017.02.05"]
[Round "9"]
[White "Badrakova, Kseniya"]
[Black "Elkina, Yuliya"]
[Result "1/2-1/2"]
[WhiteElo "1398"]
[BlackElo "1652"]
[PlyCount "52"]
[EventDate "2017.01.28"]
[EventType "swiss"]
[EventRounds "9"]
[EventCountry "RUS"]
[SourceTitle "EXT 2018"]
[Source "ChessBase"]
[SourceDate "2017.10.13"]
[SourceVersion "1"]
[SourceVersionDate "2017.10.13"]
[SourceQuality "1"]

1. e4 e6 2. d3 b6 3. Nf3 Bb7 4. g3 Nf6 5. Bg2 d6 6. 0-0 Be7 7. Nbd2 Nbd7 8. Re1 0-0 9. e5 dxe5 10. Nxe5 Bxg2 11. Kxg2 Nxe5 12. Rxe5 Bd6 13. Re1 c5 14. Ne4 Rc8 15. Nxd6 Qxd6 16. Bf4 Qc6+ 17. Kg1 Nd5 18. Bd2 Rfd8 19. Qe2 Rd7 20. Be3 h6 21. Rac1 Rcd8 22. Rf1 Kf8 23. Rfe1 Kg8 24. Rf1 Kf8 25. Rfe1 Kg8 26. Rf1 Kf8 1/2-1/2